000 01165nam a2200289Ia 4500
001 ebr10223802
003 CaPaEBR
006 m u
007 cr cn|||||||||
008 080831s2006 wau sb 000 0 eng d
020 _z9780976156338
040 _aCaPaEBR
_cCaPaEBR
035 _a(OCoLC)232332936
050 1 4 _aHD58.8
_b.F54 2006eb
082 0 4 _a658.4/06
_222
100 1 _aFields, Ann.
245 1 0 _aParadigm shifts & corporate change - all on board?
_h[electronic resource] :
_bmotivational interviewing in the business world /
_cdeveloped by Ann Fields.
260 _aVancouver, Wash. :
_bHollified Associates,
_cc2006.
300 _a100 p.
504 _aIncludes bibliographical references.
533 _aElectronic reproduction.
_bPalo Alto, Calif. :
_cebrary,
_d2009.
_nAvailable via World Wide Web.
_nAccess may be limited to ebrary affiliated libraries.
650 0 _aMotivational interviewing.
650 0 _aOrganizational change.
655 7 _aElectronic books.
_2local
710 2 _aebrary, Inc.
856 4 0 _uhttp://site.ebrary.com/lib/rucke/Doc?id=10223802
_zAn electronic book accessible through the World Wide Web; click to view
999 _c25289
_d25289